| 000 | 01267nac a22003131u 4500 | ||
|---|---|---|---|
| 003 | EG-ScBUE | ||
| 005 | 20220829095302.0 | ||
| 008 | 200219t2005 fr ab f b 001 0 eng d | ||
| 020 | _a9782866563608 (hbk.) : | ||
| 020 | _a2866563603 (pbk.) : | ||
| 040 |
_aEG-ScBUE _beng _erda _cEG-ScBUE _dEG-ScBUE |
||
| 082 | 0 | 4 |
_a712.60944366 _bLAB _222 |
| 100 | 1 |
_aLablaude, Pierre-André, _eauthor. |
|
| 245 | 1 | 4 |
_aThe gardens of Versailles / _cPierre-Andre Lablaude, chief architect of historic monuments, responsible for the park of Versailles and Trianon ; photographs by Jacques de Givry ; foreword by Christine Albanel, president of the public authority responsible for the Museum and National Estate of Versailles. |
| 264 | 1 |
_aParis : _bÉditions Scala, _c[2005] |
|
| 264 | 4 | _cc2005 | |
| 300 |
_a231 pages : _billustrations, maps ; _c28 cm |
||
| 336 |
_2rdacontent _atext _btxt |
||
| 337 |
_2rdamedia _aunmediated _bn |
||
| 338 |
_2rdacarrier _avolume _bnc |
||
| 500 | _aPrevious ed.: London: Zwemmer, 1995. | ||
| 504 | _aIncludes bibliographical references and index. | ||
| 650 | 7 |
_aArchitectural drawings. _2BUEsh |
|
| 651 | _2BUEsh | ||
| 653 | _bENGARC | ||
| 655 |
_vReading book _934232 |
||
| 700 | 1 |
_aGivry, Jacques de, _ephotographer. |
|
| 942 |
_cBB _2ddc |
||
| 999 |
_c5186 _d5186 |
||